000 00256nmm a2200085Ia 4500
008 220120s9999||||xx |||||||||||||||||und||
100 _aDigit
245 0 _a5 new SDKS and IDE video tutorials, 15 essential software fo
260 _aNine dot nine interactive ltd.
999 _c139810
_d139810